000 01330nam a2200349 i 4500
001 49731
003 ES-MaCES
005 20210726124346.0
007 cr |||||||||||
008 170719s2012 sp |||| o000|| espd
040 _aES-MaCES
_bspa
_cES-MaCES
245 0 0 _aEconomía, trabajo y sociedad : memoria sobre la situación socioeconómica y laboral : España 2011
300 _aXVIII, 840 p. (6446 Kb)
593 _cMemoria sobre la Situación Socioeconómica y Laboral de España
_f20120523
_iMEM-2011
_rOrdinaria
_sPleno ordinario
_vPresentes (49): (40) sí, (2) no, (1) abst.
650 4 _aeconomía
_926781
650 4 _acondiciones económicas
_927081
650 4 _atrabajo
_928289
650 4 _acondiciones de trabajo
_928327
650 4 _asociedad
_927269
650 4 _acondiciones sociales
_930469
650 4 _acondiciones de vida
_927111
650 4 _aEspaña
_926964
650 4 _a2011
_931999
653 1 0 _aCondiciones económicas
700 1 _925408
_aValdés Dal-Ré, Fernando
_eponente
700 1 _922459
_aRodriguez Vera, Esteban
_einterviniente
700 1 _99348
_aCavada Hoyo, José de la
_einterviniente
700 1 _919032
_aMorán Criado, José Manuel
_einterviniente
856 4 _uhttp://www.ces.es/documents/MEM/2011/01
_ytexto completo
902 _aMemoria
942 _2CES
_cDI
_h0.0.
999 _c49731
_d49731